|
|
|
|
| LEADER |
00694nta a2200181 i 4500 |
| 001 |
dipl143398 |
| 005 |
20250225104207.0 |
| 008 |
241129s2007 hu om 000 hun d |
| 040 |
|
|
|a SZTE Diploma Repozitórium
|b hun
|
| 041 |
|
|
|a hun
|
| 100 |
1 |
|
|a Perneki Adél
|
| 245 |
1 |
0 |
|a „A Zápolyai család a hadi események sodrában”
|h [elektronikus dokumentum] :
|b a főnemesség katonai szerepének bemutatása a 15. század második felétől 1526-ig /
|c Adél Perneki
|
| 260 |
|
|
|c 2007
|
| 650 |
|
4 |
|a Bölcsészettudományok
|
| 650 |
|
4 |
|a Humanities
|
| 650 |
|
4 |
|a History
|
| 700 |
0 |
1 |
|a Sebők Ferenc
|e ths
|
| 856 |
4 |
0 |
|u https://diploma.bibl.u-szeged.hu/id/eprint/143398/1/2007_perneki_adel.pdf
|z Dokumentum-elérés
|